Antonio Machado, poeta simbolista / (Record no. 20236)
[ view plain ]
| 000 -LEADER | |
|---|---|
| campo de control de longitud fija | 00690nam a2200229 i 4500 |
| 001 - NÚMERO DE CONTROL | |
| campo de control | 20236 |
| 003 - IDENTIFICADOR DE NÚMERO DE CONTROL | |
| campo de control | ES-MaACL |
| 005 - FECHA Y HORA DE LA ÚLTIMA TRANSACCIÓN | |
| campo de control | 20240530125022.0 |
| 007 - CAMPO FIJO DE DESCRIPCIÓN FÍSICA--INFORMACIÓN GENERAL | |
| campo de control de longitud fija | t| |
| 008 - DATOS DE LONGITUD FIJA--INFORMACIÓN GENERAL | |
| campo de control de longitud fija | 021108s1982 sp ||||1| spa d |
| 100 1# - ENTRADA PRINCIPAL--NOMBRE DE PERSONA | |
| Nombre de persona | Aguirre, José María. |
| 9 (RLIN) | 18827 |
| 245 10 - MENCIÓN DEL TÍTULO | |
| Título | Antonio Machado, poeta simbolista / |
| Mención de responsabilidad, etc. | José María Aguirre. |
| 250 ## - MENCION DE EDICION | |
| Mención de edición | 2ª ed. corr. y aum. |
| 260 ## - PUBLICACIÓN, DISTRIBUCIÓN, ETC. | |
| Lugar de publicación, distribución, etc. | [Madrid] : |
| Nombre del editor, distribuidor, etc. | Taurus, |
| Fecha de publicación, distribución, etc. | [1982] |
| 300 ## - DESCRIPCIÓN FÍSICA | |
| Extensión | 397 p. ; |
| Dimensiones | 21 cm. |
| 490 1# - MENCIÓN DE SERIE | |
| Mención de serie | Persiles ; |
| Designación de volumen o secuencia | 59 |
| 600 14 - PUNTO DE ACCESO ADICIONAL DE MATERIA--NOMBRE DE PERSONA | |
| Nombre de persona | Machado, Antonio, |
| Fechas asociadas al nombre | 1875-1939- |
| Subdivisión general | Crítica e interpretación |
| 9 (RLIN) | 75154 |
| 830 00 - PUNTO DE ACCESO ADICIONAL DE SERIE-TÍTULO UNIFORME | |
| Título uniforme | Persiles ; |
| Designación de volumen o secuencia | 59 |
| 9 (RLIN) | 236720 |
| 852 ## - LOCALIZACIÓN | |
| Ubicación | ES-MaACL |
| Número de control de estantería | L-4669 |
| Sublocalización o colección | R.104118 |
| 942 ## - ELEMENTOS DE ENTRADA SECUNDARIOS (KOHA) | |
| Fuente del sistema de clasificación o colocación | Clasificación decimal universal |
| Estatus retirado | Estado de pérdida | Estado de daño | No para préstamo | Biblioteca de origen | Biblioteca actual | Ubicación en estantería | Fecha de adquisición | Fuente de adquisición | Total de préstamos | Signatura topográfica completa | Código de barras | Visto por última vez | Precio de reemplazo | Tipo de ítem Koha |
|---|---|---|---|---|---|---|---|---|---|---|---|---|---|---|
| Biblioteca del Ateneo de Madrid | Biblioteca del Ateneo de Madrid | Depósito 2 | 17/01/2008 | L-4669 | 1020742 | 23/02/2023 | 23/02/2023 | Libro impreso |
